[Event "EU-ch Online U14"]
[Site "Tornelo INT"]
[Date "2020.09.19"]
[Round "5"]
[White "Yoon, Jacob D"]
[Black "Bouw, Lars"]
[Result "1-0"]
[WhiteElo "1720"]
[BlackElo "1371"]
[PlyCount "45"]
[EventDate "2020.09.18"]
[EventType "swiss (rapid)"]
[EventRounds "9"]
[EventCountry "ENG"]
[SourceTitle "EXT 2023"]
[Source "ChessBase"]
[SourceDate "2022.10.05"]
[SourceVersion "1"]
[SourceVersionDate "2022.10.05"]
[SourceQuality "1"]
[WhiteTeam "England"]
[BlackTeam "Luxembourg"]
[WhiteTeamCountry "ENG"]
[BlackTeamCountry "LUX"]

1. e4 c5 2. Nf3 d6 3. c3 e6 4. d4 cxd4 5. cxd4 Nf6 6. Nc3 Be7 7. Bd3 0-0 8. 0-0 a6 9. Bg5 Nc6 10. e5 dxe5 11. dxe5 Nd5 12. Nxd5 Qxd5 13. Bxe7 Nxe7 14. Qc2 h6 15. Rfd1 Qc6 16. Qe2 b5 17. Rac1 Qb6 18. Qe4 Ng6 19. Qg4 Bb7 20. Bxg6 fxg6 21. Rd6 Qa5 22. Qxe6+ Kh8 23. Nh4 1-0